02062 2200205 4500001002100000005001500021035002000036245003800056100001600094250000600110300002600116856004500142260003000187082000800217084001400225020002200239600001000261520157300271990001201844INLIS00000000000196120250523100918 a0010-05250002531 aBring Me to Jannah /cNur Hoiriah0 aNur Hoiriah a1 a372 ;c13,5 x 19,5 cm aRuang Baca Umum No Klas 800 ( Rak 3,4,5) aJakarta :bcoconut,c2020 a813 a813 NUR b a978-623-7439-24-0 4aFiksi aovel Bring Me to Jannah bercerita tentang Nafisa, perempuan yang dijodohkan oleh kedua orang tuanya dengan anak sahabat mereka yakni Farhan. Sebelumnya, Farhan adalah bos Nafisa di kantor. Meski awalnya enggan dijodohkan, Nafisa akhirnya menerima keputusan orang tuanya setelah bertanya tentang alasan dia dijodohkan. Farhan yang pandai ilmu agama memperlakukan Nafisa dengan baik, tanpa sadar Nafisa mencintai Farhan. Akan tetapi, Nafisa mengetahui bahwa Farhan masih memikirkan mantan tunangannya. Dari pernikahan itu, Nafisa mulai menjadi wanita yang lebih dewasa karena dia mulai merasakan apa artinya sebuah pernikahan, dia bahkan tak ragu untuk menekan perasaannya sendiri demi pasangan. Apalagi ketika mantan tunangan Farhan yang dikira semua orang sudah meninggal ternyata masih hidup. Nafisa menjadi merasa bersalah, dan dia bahkan siap merelakan suaminya asal Farhan bahagia. Pada klimaksnya, konflik yang khas genre religi tak lain adalah poligami disinggung. Konflik ini pada beberapa tahun belakangan banyak dijadikan konflik primer pada genre religi oleh para penulis novel genre ini. Sinopsis Bagaimana jika suami pilihan orang tuamu, yang dipercaya akan membimbingmu ke surga, ternyata malah balik menyakiti karena ketidakberdayaannya dalam melupakan mantan calon istrinya? Itulah yang dirasakan Nafisa Humaira Azzahra. Perempuan dengan segala kekurangan yang perlahan berubah menjadi perempuan kuat karena ujian rumah tangganya yang terus datang bertubi-tubi. Namun, mampukah ia tetap bertahan ketika ujian itu berada pada puncaknya? a0754545